One third of our time? : An introduction to recreation behavior and resources /

Bibliographic Details
Main Author: Chubb, Michael
Other Authors: Chubb, Holly R.
Format: Book
Language:English
Published: New York : Wiley, [1981]
Subjects:

MARC

Tag First Indicator Second Indicator Subfields
LEADER 00000pam a2200000 a 4500
001 in00000069733
005 20151008054544.0
008 801007s1981 nyua b 00110 engm
010 |a  80025131  
020 |a 047115637X 
035 |a (OCoLC)06889138 
035 |9 AAJ1005AM 
040 |a DLC  |c DLC  |d m.c.  |d TXA  |d UtOrBLW 
043 |a n-us--- 
049 |a TXAM   |c 1 [985553], 2 [1503974] 
050 0 0 |a GV53  |b .C43 1981 
100 1 |a Chubb, Michael. 
245 1 0 |a One third of our time? :  |b An introduction to recreation behavior and resources /  |c Michael Chubb, Holly R. Chubb ; cartography by Sherman Hollander ; [illustrations, John Balbalis]. 
264 1 |a New York :  |b Wiley,  |c [1981] 
264 4 |c ©1981 
300 |a xxiv, 742 pages :  |b illustrations ;  |c 24 cm. 
336 |a text  |b txt  |2 rdacontent 
337 |a unmediated  |b n  |2 rdamedia 
338 |a volume  |b nc  |2 rdacarrier 
500 |a Includes index. 
504 |a Bibliography: pages 713-722. 
650 0 |a Recreation  |z United States. 
650 0 |a Recreation  |x Psychological aspects. 
650 0 |a Natural resources  |z United States. 
700 1 |a Chubb, Holly R. 
999 |a MARS 
999 f f |s c28df6e6-be6d-366b-a0fe-2b02fa8ff7fa  |i e3d39108-a000-3030-b458-7264d46e001c  |t 0 
952 f f |p ric  |a Texas A&M University  |b Rellis Campus  |c Joint Library Facility  |d Remote Storage  |t 0  |e GV53 .C43 1981  |h Library of Congress classification  |i unmediated -- volume  |m A14806115143 
998 f f |a GV53 .C43 1981  |t 0  |l Remote Storage